| 000 | 00591nam a2200229Ia 4500 | ||
|---|---|---|---|
| 001 | 22285 | ||
| 003 | AR-BaAGN | ||
| 005 | 20231116141736.0 | ||
| 007 | ta | ||
| 008 | 211213s1898 ag |||||||||||||| ||spa d | ||
| 040 |
_dAR-BaAGN _aAR-BaAGN _bspa _eaacr |
||
| 110 | _aArgentina | ||
| 240 | _aLeyes, etc. | ||
| 245 | 1 | 0 |
_aRegistro Nacional de la República Argentina : _b1898 |
| 260 |
_aBuenos Aires : _bPenitenciaría Nacional, _c1898. |
||
| 300 | _a879 páginas | ||
| 336 |
_2rdacontent _btxt |
||
| 337 |
_2rdamedia _bn |
||
| 338 |
_2rdacarrier _bnc |
||
| 942 | _cLIBRO | ||
| 999 |
_c22285 _d22285 |
||